Guess the1970s song lyrics #352 - Statistics

General Stats
  • This quiz has been taken 8 times
  • The average score is 174 of 369
Answer Stats
Answer % Correct
I
100%
is
100%
it
100%
my
100%
o
100%
on
100%
me
86%
said
86%
The
86%
the
86%
we
86%
We
86%
you
86%
a
71%
an
71%
And
71%
and
71%
be
71%
by
71%
day
71%
for
71%
knew
71%
know
71%
never
71%
night
71%
no
71%
of
71%
One
71%
that
71%
to
71%
your
71%
All
57%
all
57%
come
57%
down
57%
got
57%
had
57%
he
57%
He
57%
him
57%
in
57%
isn't
57%
It's
57%
it's
57%
just
57%
most
57%
Some
57%
some
57%
them
57%
then
57%
Then
57%
there
57%
they
57%
this
57%
was
57%
what
57%
You're
57%
came
43%
don't
43%
eyes
43%
from
43%
give
43%
here
43%
Let
43%
more
43%
Now
43%
now
43%
out
43%
puff
43%
rest
43%
see
43%
song
43%
spent
43%
Take
43%
thought
43%
try
43%
up
43%
with
43%
about
29%
any
29%
around
29%
as
29%
back
29%
beat
29%
bring
29%
But
29%
didn't
29%
Didn't
29%
find
29%
gone
29%
good
29%
hell
29%
kind
29%
leave
29%
name
29%
next
29%
ol
29%
old
29%
our
29%
same
29%
Smokin
29%
talking
29%
thing
29%
Things
29%
things
29%
Trying
29%
weed
29%
weeds
29%
What's
29%
behind
14%
Big
14%
brother
14%
bunch
14%
burned
14%
Caught
14%
chew
14%
chewing
14%
drove
14%
dug
14%
em
14%
end
14%
everything
14%
flew
14%
Flower
14%
flower
14%
fly
14%
gotta
14%
habit
14%
handy
14%
morning
14%
much
14%
put
14%
real
14%
trip
14%
very
14%
wild
14%
wrong
14%
ya
14%
Y'all
14%
animals
0%
away
0%
Bill
0%
blurry
0%
bout
0%
burlap
0%
called
0%
chopped
0%
classic
0%
clock
0%
cob
0%
corn
0%
country
0%
crazy
0%
cute
0%
doin
0%
dry
0%
farm
0%
feller
0%
fuzzy
0%
gained
0%
grew
0%
half
0%
happened
0%
harm
0%
killed
0%
knowed
0%
little
0%
mashed
0%
Naked
0%
new
0%
picked
0%
pipe
0%
popular
0%
popularity
0%
reached
0%
sack
0%
seeds
0%
sheet
0%
singing
0%
Sittin
0%
six
0%
smiled
0%
sniffin
0%
spied
0%
sun
0%
turned
0%
wandering
0%
Washington
0%
waved
0%
white
0%
whole
0%
Wildwood
0%
wildwood
0%
windmill
0%
No matching quizzes found
Score Distribution
Percent of People with Each Score
Percentile by Number Answered
Your Score History
You have not taken this quiz